000
00297nam a2200109Ia 4500
008
171211s9999 xx 000 0 und d
245
_a
Charles Darwin's Looking Glass
245
_c
Dominika Oramus
260
_c
2015
650
_x
CULTURE
856
_u
http://down.ebook777.com/063/9783631658703.pdf
999
_c
347779
_d
347779